000 00972nam a22001817a 4500
999 _c59355
_d59355
003 Ge_BSU
005 20230130110225.0
008 230130s2011 ge ||||| |||| 00| 0 geo d
041 _ageo
080 _a343.8(479.22)(094.1) ს-30
245 _aსასჯელაღსრულებითი სამართალი : ნორმატიული აქტების კრებული :
_bცვლილებებითა და დამატებებით 2011 წლის 1 აგვისტომდე.
264 _aთბილისი :
_bბონა კაზუა,
_c2011.
300 _a240 გვ. ;
_b20 სმ.
440 _aიურისტის ბიბლიოთეკა
_9137
653 _aსაქართველოს სასჯელაღსრულებითი სამართალი
653 _aნორმატიული აქტების კრებული.
942 _2udc
_cBK